Alle Ausfahrten der Wiener Außenring-Autobahn (A21) - Statistiken

Allgemein
  • Dieses Quiz wurde 28 mal gespielt
  • Das Durchschnittsergebnis liegt bei 6 aus 9
Antwortstatistiken
km Bz. Ausfahrt % Korrekt
38,2 MD Vösendorf
83%
14,8 BN Alland
79%
36,1 MD Brunn am Gebirge / Perchtoldsdorf
79%
22,9 MD Heiligenkreuz
79%
3,4 BN Hochstraß
71%
0,0 PL Steinhäusl
67%
32,1 MD Gießhübl
54%
17,0 BN Mayerling
50%
25,7 MD Hinterbrühl
46%
Keine übereinstimmenden Quizze gefunden
Verteilung der Resultate
Anzahl Personen mit jedem Resultat
Perzentil nach korrekt beantworteten Fragen
Ihre Resultats-Entwicklung
Sie haben dieses Quiz noch nicht gespielt